| 000 | 00545nam a2200205Ia 4500 | ||
|---|---|---|---|
| 005 | 20250923144654.0 | ||
| 008 | 008 250917s9999 xx 000 0 eng d | ||
| 037 | _aTextual | ||
| 040 |
_aDSWL _beng _cDSWL |
||
| 041 |
_aeng _2eng |
||
| 084 | _qDSWL | ||
| 100 |
_aSondern, Frederic _9827236 |
||
| 245 | 0 |
_aBrotherhood of evil, The mafia _cby Frederic Sondern |
|
| 260 |
_aLondon _b Victor Gollanoz Ltd. _c1959 |
||
| 300 | _axii,243p. | ||
| 365 |
_aINR _b21 |
||
| 925 | _g21 | ||
| 942 | _cTEXL | ||
| 999 |
_c1441883 _d1441883 |
||